|
|
|
|
| LEADER |
00619nab a2200157 i 4500 |
| 001 |
misc4265 |
| 005 |
20191106143027.0 |
| 008 |
170607s1926 hu o 0|| hun d |
| 040 |
|
|
|a SZTE Miscellanea Repozitórium
|b hun
|
| 041 |
|
|
|a hun
|
| 245 |
0 |
3 |
|a Az Országos Ügyvédszövetség budapesti osztályának választmányi ülése
|h [elektronikus dokumentum]
|
| 260 |
|
|
|c 1926
|
| 300 |
|
|
|a 203a
|
| 490 |
0 |
|
|a Polgári jog : a hazai és külföldi magánjog és hiteljog szemléje
|v 2
|
| 695 |
|
|
|a Országos Ügyvédszövetség választás 1926
|
| 856 |
4 |
0 |
|u http://misc.bibl.u-szeged.hu/4265/1/polgari_jog_1926_203a.pdf
|z Dokumentum-elérés
|